Environmental Hidrology
Shranjeno v:
| Glavni avtor: | |
|---|---|
| Drugi avtorji: | , , |
| Format: | Neznan |
| Jezik: | angleščina |
| Izdano: |
Boca Raton, FL, USA.
CRC Press,
2016
|
| Izdaja: | Third Edition |
| Teme: | |
| Oznake: |
Označite
Brez oznak, prvi označite!
|
MARC
| LEADER | 00000 a2200000 4500 | ||
|---|---|---|---|
| 003 | CL-VaPUC | ||
| 005 | 20230623074111.0 | ||
| 008 | 200313b ||||| |||| 00| 0 eng d | ||
| 999 | |c 416867 |d 416865 | ||
| 020 | |a 9781466589414 | ||
| 040 | |c Pontificia Universidad Católica de Valparaíso | ||
| 082 | 0 | 4 | |a 551.48 WAR 2016 |
| 100 | 1 | |a Ward, Andy D. |9 719902 | |
| 245 | 1 | 0 | |a Environmental Hidrology |
| 250 | |a Third Edition | ||
| 260 | |a Boca Raton, FL, USA. |b CRC Press, |c 2016 | ||
| 300 | |a 663 páginas | ||
| 583 | |k Cristina Rojas |c 20200313 | ||
| 650 | 0 | 0 | |a Hidrología |9 261396 |
| 650 | 0 | 0 | |a Ciclo hidrológico |9 405003 |
| 650 | 0 | 0 | |a Precipitaciones |9 357816 |
| 650 | 0 | 0 | |a Infiltración |9 684582 |
| 650 | 0 | 0 | |a Humedad del suelo |9 351599 |
| 650 | 0 | 0 | |a Evapotranspiración |9 392211 |
| 650 | 0 | 0 | |a Control hidráulico |9 261400 |
| 650 | 0 | 0 | |a Hidrogeología |9 262905 |
| 650 | 0 | 0 | |a Agua |9 257149 |
| 700 | |a Trimble, Stanley W. |9 737573 | ||
| 700 | |a Burckhard, Suzette R. |9 737574 | ||
| 700 | |a Lyon, John G. |9 737575 | ||
| 942 | |2 ddc |c BK | ||
| 952 | |0 0 |1 0 |2 ddc |4 0 |6 551_480000000000000_WAR_2016 |7 0 |9 561554 |a BIBAGR |b BIBAGR |d 2020-03-12 |e 1 |g 128084.00 |i 5574137 |o 551.48 WAR 2016 |p 5574137 |r 2024-01-30 |t 1 |v 128084.00 |w 2020-03-12 |y BK |k AGR | ||